000 00888nam a2200253Ia 4500
008 130821s2001 sp gr spa
020 _a8484322521
040 _aCo-BoUCM
_bspa
041 0 0 _aspa
100 1 _aFebvre, Lucien
_9105269
245 1 0 _aEuropa génesis de una civilización
_cLucien Febvre ; prólogo de Marc Ferro ; traducción Juan Vivanco
260 _aBarcelona (España)
_bCrítica
_c2001
300 _a278 páginas
490 _aLibros de Historia
504 _aIncluye referencias bibliográficas e índice.
650 0 4 _aHistoria de Europa
_926509
651 _aEuropa
_xCivilización
_926622
651 _aEuropa
_xHistoria
_926957
651 7 _aEuropa
_xVida social y costumbres
_962527
700 1 _aFerro, Marc
_eprol.
_9136698
700 1 _aVivanco, Juan
_etrad.
_9138598
942 _cLIBRO
_a21
_e1
_mF289e
_2DEWEY
_h940
999 _c57235
_d57235